"Ez a társulat örök szerelmem" mondja Pál Tamás /

Elmentve itt :
Bibliográfiai részletek
Szerző: Hollósi Zsolt
Dokumentumtípus: Cikk
Megjelent: 1995-02-17
Sorozat:Délmagyarország 85 No. 41
Kulcsszavak:Pál Tamás, Szegedi Nemzeti Színház
Online Access:http://dmarchiv.bibl.u-szeged.hu/98237
LEADER 00499nab a2200157 i 4500
001 delm98237
005 20191014112820.0
008 191014s1995 hu o 0|| hun d
040 |a SZTE Délmagyarország Archívum  |b hun 
041 |a hun 
100 1 |a Hollósi Zsolt 
245 1 0 |a "Ez a társulat örök szerelmem"   |h [elektronikus dokumentum] :  |b mondja Pál Tamás /  |c  Hollósi Zsolt 
260 |c 1995-02-17 
300 |a 6 
490 0 |a Délmagyarország  |v 85 No. 41 
695 |a Pál Tamás, Szegedi Nemzeti Színház